Yerma: la casa de Bernarda Alba: textos completos

Збережено в:
Бібліографічні деталі
Автори: García Lorca, Federico (Автор), Scarpa, Roque Esteban (Автор)
Формат: Книга
Мова:Іспанська
Опубліковано: Santiago Andrés Bello 1981
Серія:Biblioteca Andrés Bello, 35
Предмети:
Теги: Додати тег
Немає тегів, Будьте першим, хто поставить тег для цього запису!

MARC

LEADER 00000nam a2200000 a 4500
001 UCW4177
003 CL-VaPUC
008 891017e19810000CL |||||||||||||||||spa|d
082 0 4 |a 862  |b GAR  |2 21 
100 |a García Lorca, Federico  |e author  |9 314029 
700 0 |a Scarpa, Roque Esteban  |e author  |9 308767 
245 1 0 |a Yerma: la casa de Bernarda Alba: textos completos 
246 1 3 |a La casa de Bernarda Alba 
300 |a 139 p 
942 |c BK 
945 |d 19891017 00:00:00 
260 |a Santiago  |b Andrés Bello  |c 1981 
650 0 |a Dramas españoles  |9 267081 
650 0 |a Teatro español  |9 265077 
583 |a last modification  |c 19891017 00:00:00  |k Rodrigo Vera 
490 0 |a Biblioteca Andrés Bello, 35 
999 |c 217964  |d 217962